| 000 | 00683cam a2200241 i 4500 | ||
|---|---|---|---|
| 999 |
_c5458 _d5458 |
||
| 001 | 2264637 | ||
| 003 | GBCCL | ||
| 005 | 20241126110542.0 | ||
| 008 | 781208s1980 nyu 000 1 eng | ||
| 010 | _a 78020201 | ||
| 020 |
_a0060109955 : _c$12.95 |
||
| 040 |
_aDLC _cDLC _dDLC _dOCoLC |
||
| 050 | 0 | 0 |
_aPZ3.H258 _bLam 1980 _aPR6015.A674 |
| 082 | 0 | 0 |
_a813.54 _219 _bDEH |
| 100 | 1 |
_aDe Hartog, Jan, _d1914-2002. _99806 |
|
| 245 | 1 | 4 |
_aThe lamb's war / _cJan De Hartog. |
| 250 | _a1st ed. | ||
| 260 |
_aNew York : _bHarper & Row, _cc1980. |
||
| 300 |
_a443 p. ; _c24 cm. |
||
| 650 | 0 |
_aQuakers _xFiction. _99807 |
|
| 906 |
_a7 _bcbc _corignew _d1 _eocip _f19 _gy-gencatlg |
||
| 942 |
_2ddc _cBK |
||